Micro-ordenadores : como funcionan y para que sirven /

Guardado en:
Autor Principal: Banks, Martín
Formato: Libro
Publicado: Madrid : Paraninfo, 1984
Etiquetas: Agregar Etiqueta
Sin Etiquetas, Sea el primero en etiquetar este registro!
LEADER 00648nam a22001575a 4500
001 CEM.cems000824
005 20060210000000.0
008 130507s1984##################000#0#####d
003 CEMS
082 0 4 |a 001.64 
100 1 |a Banks, Martín 
245 1 0 |a Micro-ordenadores :  |b como funcionan y para que sirven / 
260 |a Madrid :  |b Paraninfo,  |c 1984 
300 |a 159 p. 
505 0 |a La computadora, generalidades; formas de almacenamiento de datos; perifericos; sistema operativo; ensambladores, compiladores y encadenadores, corrida de programas; introduccion a la programacion administrativa. 
859 |a CEMS  |b BIB. CEMS - 11 de abril  |h 001.64  |i B226  |p 14973.88  |t Ej.1